Estate owners aim for better year with dotcom ploy (Record no. 66238)

MARC details
000 -LEADER
fixed length control field 00878cam a2200205 4500
001 - CONTROL NUMBER
control field WB3709-25
008 - FIXED-LENGTH DATA ELEMENTS--GENERAL INFORMATION
fixed length control field 000000n2001 000 0 eng u
035 ## - SYSTEM CONTROL NUMBER
System control number (Sirsi) u111186
245 ## - TITLE STATEMENT
Title Estate owners aim for better year with dotcom ploy
260 ## - PUBLICATION, DISTRIBUTION, ETC.
Date of publication, distribution, etc. 2001
490 ## - SERIES STATEMENT
Series statement Yorkshire Post
Volume/sequential designation 24 February 2001, 16(1)
520 ## - SUMMARY, ETC.
Summary, etc. A new website, which aims to match landowners who run commercial shoots with shooting and stalking enthusiasts, has been launched. The site at http://www.hotbarrels.com has attracted up to 40,000 hits per week and will allow landowners to diversify and market their assets more effectively, with increased revenue from lettings as well as the drives themselves.
590 ## - LOCAL NOTE (RLIN)
Local note WB
650 ## - SUBJECT ADDED ENTRY--TOPICAL TERM
Topical term or geographic name entry element FARM DIVERSIFICATION
650 ## - SUBJECT ADDED ENTRY--TOPICAL TERM
Topical term or geographic name entry element ESTATE MANAGEMENT
650 ## - SUBJECT ADDED ENTRY--TOPICAL TERM
Topical term or geographic name entry element SHOOTING RIGHTS
650 ## - SUBJECT ADDED ENTRY--TOPICAL TERM
Topical term or geographic name entry element WEB SITES
690 ## - LOCAL SUBJECT ADDED ENTRY--TOPICAL TERM (OCLC, RLIN)
Topical term or geographic name as entry element Rural
9 (RLIN) 6268
942 ## - ADDED ENTRY ELEMENTS (KOHA)
Suppress in OPAC 0
Holdings
Withdrawn status Lost status Source of classification or shelving scheme Damaged status Not for loan Home library Current library Shelving location Date acquired Total Checkouts Full call number Barcode Date last seen Copy number Price effective from Koha item type
    Dewey Decimal Classification     London London News article 28/02/2001   WB3709-25 111186-1001 06/08/2019 1 06/08/2019 News article